[Event "Nezhmetdinov Memorial 37th"]
[Site "Kazan"]
[Date "2015.06.05"]
[Round "6"]
[White "Bylino, Oleg"]
[Black "Khaziev, Almir"]
[Result "0-1"]
[WhiteElo "2067"]
[BlackElo "1926"]
[PlyCount "120"]
[EventDate "2015.05.31"]
[EventType "swiss"]
[EventRounds "9"]
[EventCountry "RUS"]
[SourceTitle "CBM 166 Extra"]
[Source "ChessBase"]
[SourceDate "2015.06.18"]
[SourceVersion "1"]
[SourceVersionDate "2015.06.18"]
[SourceQuality "1"]

1. e4 c5 2. Nf3 a6 3. d4 cxd4 4. Nxd4 e5 5. Nb3 Bb4+ 6. Bd2 Bxd2+ 7. Qxd2 Nf6 8. Nc3 Nc6 9. 0-0-0 b5 10. f3 0-0 11. g4 Na5 12. Nxa5 Qxa5 13. Kb1 b4 14. Nd5 Nxd5 15. Qxd5 Qxd5 16. Rxd5 Re8 17. g5 Ra7 18. Bh3 Rc7 19. Rhd1 Re7 20. Bf1 Kf8 21. b3 Ke8 22. Kb2 Rc6 23. Bc4 Kd8 24. a3 bxa3+ 25. Kxa3 Kc7 26. Kb2 d6 27. Ra5 Rc5 28. Ra3 a5 29. Bd5 Be6 30. Bxe6 fxe6 31. b4 Rb5 32. Rxa5 Rxb4+ 33. Kc3 Rb7 34. Ra6 Rd7 35. Kc4 Rb6 36. Ra7+ Kc6 37. Rxd7 Kxd7 38. Ra1 Rb7 39. Rd1 Kc6 40. Ra1 Rc7 41. Ra2 d5+ 42. Kd3 Kd6 43. Ra6+ Ke7 44. Ra5 Rd7 45. Ke3 Kf7 46. exd5 exd5 47. c4 dxc4 48. Rc5 Ke6 49. Rxc4 Kf5 50. Rg4 Rd1 51. Rh4 Kg6 52. Ke2 Rd4 53. Rh3 Rf4 54. Rg3 Rh4 55. Rg2 Rh5 56. Ke3 Rxg5 57. Ra2 Rf5 58. Ra6+ Kh5 59. Ra7 Kh6 60. Rb7 g6 0-1

[Event "Nezhmetdinov Memorial 37th"]
[Site "Kazan"]
[Date "2015.06.03"]
[Round "4"]
[White "Bylino, Oleg"]
[Black "Shkalikova, Marina"]
[Result "1/2-1/2"]
[WhiteElo "2067"]
[BlackElo "1737"]
[PlyCount "96"]
[EventDate "2015.05.31"]
[EventType "swiss"]
[EventRounds "9"]
[EventCountry "RUS"]
[SourceTitle "CBM 166 Extra"]
[Source "ChessBase"]
[SourceDate "2015.06.18"]
[SourceVersion "1"]
[SourceVersionDate "2015.06.18"]
[SourceQuality "1"]

1. e4 d6 2. d4 Nf6 3. Nc3 e5 4. Nf3 Nbd7 5. Bc4 Be7 6. 0-0 0-0 7. a4 c6 8. h3 b6 9. Qe2 a6 10. Rd1 Qc7 11. Bg5 Bb7 12. Nh4 g6 13. Bh6 Rfd8 14. Nf3 b5 15. Bb3 exd4 16. Ng5 Ne5 17. f4 Nc4 18. Bxc4 bxc4 19. Qxc4 d5 20. Nxd5 Nxd5 21. exd5 Qxf4 22. dxc6 Bxg5 23. cxb7 Rab8 24. Bxg5 Qxg5 25. Qxa6 Qc5 26. Qd3 Rxb7 27. b3 Re7 28. Re1 Rde8 29. Rxe7 Rxe7 30. Rd1 Re3 31. Qxd4 Qxc2 32. Qd8+ Kg7 33. Qd4+ Kg8 34. Qxe3 Qxd1+ 35. Kf2 Qc2+ 36. Kg1 Qd1+ 37. Kh2 Qd6+ 38. Qg3 Qb4 39. Qd3 Qf4+ 40. Kg1 Qc1+ 41. Kf2 Qf4+ 42. Ke2 Qe5+ 43. Kd1 Qa1+ 44. Kc2 Qa2+ 45. Kc3 Qa1+ 46. Kc4 Qc1+ 47. Kb4 Qe1+ 48. Qc3 Qe7+ 1/2-1/2

[Event "Nezhmetdinov Memorial 37th"]
[Site "Kazan"]
[Date "2015.06.02"]
[Round "3"]
[White "Murtazin, Bulat"]
[Black "Bylino, Oleg"]
[Result "1-0"]
[WhiteElo "2342"]
[BlackElo "2067"]
[PlyCount "93"]
[EventDate "2015.05.31"]
[EventType "swiss"]
[EventRounds "9"]
[EventCountry "RUS"]
[SourceTitle "CBM 166 Extra"]
[Source "ChessBase"]
[SourceDate "2015.06.18"]
[SourceVersion "1"]
[SourceVersionDate "2015.06.18"]
[SourceQuality "1"]

1. d4 d5 2. c4 e6 3. Nc3 c5 4. cxd5 exd5 5. Nf3 Nc6 6. g3 c4 7. Bg2 Bb4 8. 0-0 Nge7 9. Ne5 0-0 10. Qa4 Be6 11. Nxc6 Nxc6 12. Qb5 Bxc3 13. bxc3 Qd7 14. Rb1 b6 15. Bf4 Rad8 16. Rfd1 Bf5 17. Rb2 Rfe8 18. Bg5 f6 19. Bc1 Na5 20. Qa6 Qf7 21. Re1 h5 22. Qb5 Kh8 23. h4 Nb7 24. Bf4 Qd7 25. Qa6 Na5 26. f3 Re7 27. Qb5 Qxb5 28. Rxb5 Re6 29. e4 a6 30. Rxb6 Rxb6 31. Bc7 Re6 32. Bxd8 Nc6 33. Bc7 Ne7 34. Kf2 Bg6 35. Bh3 Rc6 36. Bd8 Ng8 37. exd5 Rd6 38. Bc7 Rxd5 39. Be6 Rb5 40. Bxc4 Rb7 41. Ba5 Ne7 42. Bxa6 Ra7 43. Bc4 Nc6 44. Bb6 Rb7 45. Bc5 Rc7 46. Bb5 Bf7 47. a4 1-0

[Event "Yuzhny op"]
[Site "Yuzhny"]
[Date "2011.09.04"]
[Round "3"]
[White "Bylino, Oleg"]
[Black "Karpuzov, Georgiy"]
[Result "1-0"]
[WhiteElo "2062"]
[BlackElo "1872"]
[PlyCount "55"]
[EventDate "2011.09.03"]
[EventType "swiss"]
[EventRounds "9"]
[EventCountry "UKR"]
[SourceTitle "CBM 144 Extra"]
[Source "ChessBase"]
[SourceDate "2011.10.28"]
[SourceVersion "1"]
[SourceVersionDate "2011.10.28"]
[SourceQuality "1"]

1. d4 d5 2. Nf3 c6 3. c4 e6 4. e3 Nf6 5. Bd3 Nbd7 6. b3 Bd6 7. Bb2 0-0 8. Qc2 Re8 9. Ne5 Nf8 10. 0-0 N6d7 11. f4 f6 12. Nxd7 Bxd7 13. Nd2 Rc8 14. e4 dxe4 15. Nxe4 Bb8 16. Rad1 Qc7 17. Qf2 Re7 18. Ba3 Qd8 19. Bxe7 Qxe7 20. Rde1 Be8 21. Nc5 Qf7 22. Qe2 Rd8 23. Nxe6 Nxe6 24. Qxe6 Qxe6 25. Rxe6 Bf7 26. Re7 Rxd4 27. Rxb7 Bxf4 28. Rxf4 1-0

[Event "Moscow op-E"]
[Site "Moscow"]
[Date "2011.02.02"]
[Round "5.99"]
[White "Bylino, Oleg"]
[Black "Yarmolenko, Evgeny"]
[Result "0-1"]
[WhiteElo "2091"]
[BlackElo "2285"]
[PlyCount "106"]
[EventDate "2011.01.29"]
[EventType "swiss"]
[EventRounds "9"]
[EventCountry "RUS"]
[SourceTitle "EXT 2022"]
[Source "ChessBase"]
[SourceDate "2021.10.06"]
[SourceVersion "1"]
[SourceVersionDate "2021.10.06"]
[SourceQuality "1"]

1. Nf3 d5 2. d4 c6 3. c4 e6 4. e3 Nf6 5. Bd3 Nbd7 6. 0-0 dxc4 7. Bxc4 Bd6 8. Nc3 b5 9. Bb3 b4 10. Na4 Bb7 11. Bc2 c5 12. dxc5 Nxc5 13. Nxc5 Bxc5 14. Ba4+ Ke7 15. Qe2 Qa5 16. Bb3 Rad8 17. Nd2 Bd6 18. f4 Bc5 19. Nc4 Qb5 20. Bd1 Be4 21. Ne5 Qb6 22. Kh1 h5 23. Qe1 h4 24. Bf3 h3 25. g4 Qb7 26. Qe2 Bxf3+ 27. Rxf3 Rh4 28. Bd2 Nxg4 29. Be1 Rh5 30. Nxg4 g5 31. Bg3 f5 32. Kg1 fxg4 33. Rf2 Qe4 34. Qc2 Qxc2 35. Rxc2 Bxe3+ 36. Bf2 Bxf2+ 37. Rxf2 Rf8 38. fxg5 Rxg5 39. Rxf8 Kxf8 40. Kf2 Re5 41. Rc1 Rf5+ 42. Ke3 Ke7 43. Rc7+ Kf6 44. Rc4 g3 45. hxg3 Rh5 46. Rc1 h2 47. Rh1 Kg5 48. Kf3 e5 49. b3 Rh3 50. Kg2 Kg4 51. Rxh2 Rxh2+ 52. Kxh2 Kf3 53. g4 Kxg4 0-1

[Event "Moscow op-E"]
[Site "Moscow"]
[Date "2011.02.01"]
[Round "4.87"]
[White "Orlov, Oleg"]
[Black "Bylino, Oleg"]
[Result "1/2-1/2"]
[WhiteElo "2317"]
[BlackElo "2091"]
[PlyCount "87"]
[EventDate "2011.01.29"]
[EventType "swiss"]
[EventRounds "9"]
[EventCountry "RUS"]
[SourceTitle "EXT 2022"]
[Source "ChessBase"]
[SourceDate "2021.10.06"]
[SourceVersion "1"]
[SourceVersionDate "2021.10.06"]
[SourceQuality "1"]

1. Nf3 Nf6 2. c4 e6 3. g3 d5 4. d4 Be7 5. Bg2 0-0 6. 0-0 c5 7. cxd5 exd5 8. dxc5 Nc6 9. a3 Bxc5 10. b4 Be7 11. Nc3 Bg4 12. h3 Be6 13. Ng5 Qd7 14. Nxe6 fxe6 15. Bb2 Rad8 16. Qb3 Kh8 17. Rfd1 Bd6 18. Nb5 Bb8 19. e4 Qf7 20. exd5 Nxd5 21. Rd2 Ndxb4 22. Rxd8 Qxf2+ 23. Kh2 Rxd8 24. Rf1 Qe2 25. Nd4 Nxd4 26. Bxd4 Nc6 27. Bxg7+ Kxg7 28. Qxb7+ Kh8 29. Qxc6 Rg8 30. Rf3 Qe1 31. Qc3+ Qxc3 32. Rxc3 Kg7 33. Bf3 Rd8 34. h4 Kf6 35. Kh3 Be5 36. Rb3 Rc8 37. Be4 h6 38. Rf3+ Ke7 39. Kg4 Rg8+ 40. Kh3 Rc8 41. Bd3 Kd6 42. a4 a5 43. Kg2 Rc3 44. Bb5 1/2-1/2

[Event "Yuzhny op"]
[Site "Yuzhny"]
[Date "2009.09.09"]
[Round "2"]
[White "Bylino, Oleg"]
[Black "Bondarchuk, Sergei"]
[Result "1/2-1/2"]
[WhiteElo "2123"]
[BlackElo "2314"]
[PlyCount "117"]
[EventDate "2009.09.08"]
[EventType "swiss"]
[EventRounds "9"]
[EventCountry "UKR"]
[SourceTitle "CBM 132 Extra"]
[Source "ChessBase"]
[SourceDate "2009.11.03"]
[SourceVersion "1"]
[SourceVersionDate "2009.11.03"]
[SourceQuality "1"]

1. Nf3 c5 2. c4 Nc6 3. Nc3 Nd4 4. e3 Nxf3+ 5. Qxf3 g6 6. Be2 Bg7 7. 0-0 d6 8. Rd1 Nf6 9. h3 a6 10. d4 Qc7 11. dxc5 Qxc5 12. b3 0-0 13. Bb2 Rb8 14. Nd5 Nxd5 15. Bxg7 Kxg7 16. Rxd5 Qa3 17. Qf4 Qb2 18. Qd4+ Qxd4 19. Rxd4 Be6 20. Bf3 Rfc8 21. Bd5 Bxd5 22. Rxd5 b5 23. cxb5 axb5 24. Rad1 Ra8 25. R1d2 Rc1+ 26. Kh2 Ra1 27. Rxb5 R8xa2 28. Rxa2 Rxa2 29. Kg3 f5 30. f4 Kf6 31. Rb8 Rd2 32. Rf8+ Kg7 33. Re8 Kf7 34. Rh8 h5 35. Kf3 e5 36. fxe5 dxe5 37. g4 hxg4+ 38. hxg4 fxg4+ 39. Kxg4 Rd3 40. e4 Rxb3 41. Ra8 Re3 42. Ra7+ Kf6 43. Ra6+ Kg7 44. Kg5 Rg3+ 45. Kh4 Rg1 46. Re6 Rh1+ 47. Kg3 Rh5 48. Rb6 Rh1 49. Re6 Rg1+ 50. Kh4 Kh6 51. Rxe5 g5+ 52. Kh3 Kh5 53. Re8 g4+ 54. Kh2 Re1 55. Kg3 Re3+ 56. Kg2 Kh4 57. Rh8+ Kg5 58. Rg8+ Kf4 59. Rf8+ 1/2-1/2

[Event "Ostrava op"]
[Site "Ostrava"]
[Date "2009.05.04"]
[Round "3"]
[White "Bylino, Oleg"]
[Black "Skliba, Martin"]
[Result "0-1"]
[WhiteElo "2145"]
[BlackElo "2310"]
[PlyCount "74"]
[EventDate "2009.05.02"]
[EventType "swiss"]
[EventRounds "9"]
[EventCountry "CZE"]
[SourceTitle "EXT 2011"]
[Source "ChessBase"]
[SourceDate "2010.11.26"]
[SourceVersion "1"]
[SourceVersionDate "2010.11.26"]
[SourceQuality "1"]

1. Nf3 Nf6 2. c4 g6 3. Nc3 c5 4. d4 cxd4 5. Nxd4 Bg7 6. e4 d6 7. Be2 Nc6 8. Nc2 0-0 9. 0-0 Nd7 10. Bd2 Nc5 11. f3 f5 12. b4 Ne6 13. exf5 gxf5 14. Rc1 Ned4 15. Nxd4 Bxd4+ 16. Kh1 Nxb4 17. Nb5 Bc5 18. Qe1 Nc6 19. Qg3+ Kh8 20. Bc3+ e5 21. f4 Rg8 22. Qe1 Qe7 23. Bf3 Re8 24. Rd1 a6 25. Bxc6 bxc6 26. fxe5 dxe5 27. Rd8 Rxd8 28. Bxe5+ Kg8 29. Qg3+ Kf8 30. Nc7 Ra7 31. Bf4 Rxc7 32. Bh6+ Ke8 33. Qg8+ Kd7 34. Rd1+ Bd6 35. Qg3 Rb7 36. c5 Rb1 37. Qf3 Qe1+ 0-1

[Event "Ceska Trebova op 3rd"]
[Site "Ceska Trebova"]
[Date "2007.08.14"]
[Round "6"]
[White "Bylino, Oleg"]
[Black "Plischki, Sebastian"]
[Result "1/2-1/2"]
[WhiteElo "2193"]
[BlackElo "2397"]
[PlyCount "58"]
[EventDate "2007.08.10"]
[EventType "swiss"]
[EventRounds "9"]
[EventCountry "CZE"]
[SourceTitle "CBM 119 Extra"]
[Source "ChessBase"]
[SourceDate "2007.09.04"]
[SourceVersion "1"]
[SourceVersionDate "2007.09.04"]
[SourceQuality "1"]

1. Nf3 c5 2. b3 d6 3. e4 Nf6 4. Bb5+ Nbd7 5. e5 dxe5 6. Nxe5 g6 7. Bb2 Bg7 8. 0-0 0-0 9. Nxd7 Bxd7 10. Bxd7 Qxd7 11. d3 Qc7 12. f4 Rad8 13. Nd2 e6 14. Qf3 Ne4 15. Bxg7 Nxd2 16. Qe2 Kxg7 17. Qxd2 Rd4 18. Rae1 Rfd8 19. Qf2 b5 20. Re4 R8d6 21. Rxd4 Rxd4 22. Qe3 Qd6 23. g3 c4 24. dxc4 bxc4 25. Rf2 Rd5 26. Re2 Rd1+ 27. Re1 Rd2 28. Re2 Rd1+ 29. Re1 Rd2 1/2-1/2

[Event "Ceska Trebova op 3rd"]
[Site "Ceska Trebova"]
[Date "2007.08.13"]
[Round "5"]
[White "Cerveny, Martin"]
[Black "Bylino, Oleg"]
[Result "0-1"]
[WhiteElo "2304"]
[BlackElo "2193"]
[PlyCount "62"]
[EventDate "2007.08.10"]
[EventType "swiss"]
[EventRounds "9"]
[EventCountry "CZE"]
[SourceTitle "CBM 119 Extra"]
[Source "ChessBase"]
[SourceDate "2007.09.04"]
[SourceVersion "1"]
[SourceVersionDate "2007.09.04"]
[SourceQuality "1"]

1. d4 d6 2. Nf3 f5 3. g3 Nf6 4. Bg2 g6 5. 0-0 Bg7 6. c4 0-0 7. Nc3 Nc6 8. d5 Na5 9. Qa4 c5 10. dxc6 Nxc6 11. Rd1 Bd7 12. c5 dxc5 13. Qc4+ Kh8 14. Ng5 Qe8 15. Nd5 Rc8 16. Qh4 h6 17. Nh3 Ng8 18. Nc3 b6 19. Qc4 Nd4 20. e3 Bc6 21. Bxc6 Nxc6 22. Nf4 Ne5 23. Qd5 Rd8 24. Qe6 Rxd1+ 25. Nxd1 g5 26. Ne2 Qh5 27. Ndc3 Nf3+ 28. Kg2 g4 29. h4 gxh3+ 30. Kh1 Ng5 31. Qc6 Ne4 0-1

[Event "SVK-ch op-A"]
[Site "Banska Stiavnica"]
[Date "2007.07.11"]
[Round "5.33"]
[White "Pagerka, Martin"]
[Black "Bylino, Oleg"]
[Result "1/2-1/2"]
[WhiteElo "2094"]
[BlackElo "2193"]
[PlyCount "178"]
[EventDate "2007.07.07"]
[EventType "swiss"]
[EventRounds "9"]
[EventCountry "SVK"]
[SourceTitle "EXT 2010"]
[Source "ChessBase"]
[SourceDate "2010.11.25"]
[SourceVersion "1"]
[SourceVersionDate "2010.11.25"]
[SourceQuality "1"]

1. e4 e5 2. Nf3 Nc6 3. Bb5 Bc5 4. 0-0 Nge7 5. c3 Bb6 6. d4 exd4 7. cxd4 d5 8. exd5 Nxd5 9. Re1+ Be6 10. Bg5 Qd6 11. Nbd2 Qb4 12. Rxe6+ fxe6 13. Qe2 0-0 14. Qxe6+ Kh8 15. Qxd5 Nxd4 16. Bd3 Rae8 17. Rf1 Qxb2 18. Bh4 Qc3 19. Bb1 Ne2+ 20. Kh1 Qa5 21. Qd7 Qh5 22. Qh3 Rf4 23. Bg5 Qxh3 24. gxh3 Ra4 25. Bd3 Rxa2 26. Re1 h6 27. Bf4 Rd8 28. Bxe2 Ba5 29. Rd1 c5 30. Bc4 Rc2 31. Bb3 Rb2 32. Rb1 Rbxd2 33. Nxd2 Bxd2 34. Rd1 Ba5 35. Rxd8+ Bxd8 36. Bd6 b6 37. Bc4 Kh7 38. Kg2 Kg6 39. Kf3 Kf5 40. Ke3 h5 41. f3 Bg5+ 42. f4 Bd8 43. Bd5 g5 44. Be4+ Ke6 45. Bb8 gxf4+ 46. Kxf4 h4 47. Ke3 Bf6 48. Bxa7 Be5 49. Bxb6 Bxh2 50. Kf3 Be5 51. Bxc5 Kf6 52. Kg4 Kg7 53. Kxh4 Ba1 54. Kh5 Bb2 55. Be7 Bc3 56. Kg5 Bd2+ 57. Kf5 Bc3 58. h4 Bb2 59. h5 Bc3 60. Bg5 Bb2 61. h6+ Kh7 62. Ke6+ Kg8 63. Bg6 Bc3 64. Be7 Bb2 65. Bf7+ Kh7 66. Bg5 Ba3 67. Bh5 Kg8 68. Bf6 Bf8 69. Bg5 Bb4 70. Bf6 Bf8 71. h7+ Kxh7 72. Kf7 Kh6 73. Bg6 Bc5 74. Bc3 Kg5 75. Bd2+ Kg4 76. Ke6 Bb6 77. Bf5+ Kf3 78. Kd5 Be3 79. Be4+ Kf4 80. Ba5 Ba7 81. Bc7+ Ke3 82. Bh2 Kf2 83. Kc4 Bb6 84. Kd3 Bc5 85. Bf4 Bb6 86. Bg5 Kg3 87. Bd5 Bc7 88. Ke4 Bd6 89. Bd2 Bc5 1/2-1/2

[Event "SVK-ch op-A"]
[Site "Banska Stiavnica"]
[Date "2007.07.09"]
[Round "3"]
[White "Lipka, Juraj"]
[Black "Bylino, Oleg"]
[Result "1-0"]
[WhiteElo "2431"]
[BlackElo "2193"]
[PlyCount "104"]
[EventDate "2007.07.07"]
[EventType "swiss"]
[EventRounds "9"]
[EventCountry "SVK"]
[SourceTitle "CBM 119 Extra"]
[Source "ChessBase"]
[SourceDate "2007.09.04"]
[SourceVersion "1"]
[SourceVersionDate "2007.09.04"]
[SourceQuality "1"]

1. Nf3 Nf6 2. c4 e6 3. g3 d5 4. d4 Be7 5. Bg2 0-0 6. 0-0 dxc4 7. Qc2 a6 8. Qxc4 b5 9. Qc2 Bb7 10. Bg5 Nbd7 11. Bxf6 Nxf6 12. Nbd2 Rc8 13. Nb3 Be4 14. Qc3 Nd5 15. Qd2 c5 16. dxc5 Bxc5 17. Nxc5 Rxc5 18. Rac1 Rxc1 19. Rxc1 Nf6 20. Qxd8 Rxd8 21. Ne5 Bxg2 22. Kxg2 Ne8 23. Nd3 Kf8 24. f4 Ke7 25. Kf3 Rd7 26. Rc8 Rd8 27. Rxd8 Kxd8 28. Nc5 Nc7 29. Ke4 Ke7 30. Kd4 f6 31. Ne4 f5 32. Nc5 Kd6 33. b4 h6 34. a3 Nd5 35. e4 fxe4 36. Nxe4+ Kc6 37. Nc5 Kd6 38. Nxa6 Ne7 39. Nc5 Nf5+ 40. Ke4 Ke7 41. g4 Nd6+ 42. Kd4 g5 43. Nd3 gxf4 44. Nxf4 Nc4 45. Nd3 Nxa3 46. Nf2 Nc2+ 47. Kc5 Kf6 48. Kxb5 Kg5 49. Kc5 e5 50. b5 Nd4 51. b6 Nb3+ 52. Kb4 Nd4 1-0

[Event "Ostrava Konik op-A"]
[Site "Ostrava"]
[Date "2007.??.??"]
[Round "5"]
[White "Dolezal, Radoslav"]
[Black "Bylino, Oleg"]
[Result "1/2-1/2"]
[WhiteElo "2420"]
[BlackElo "2195"]
[PlyCount "129"]
[EventDate "2007.05.??"]
[EventType "swiss"]
[EventRounds "9"]
[EventCountry "CZE"]
[SourceTitle "EXT 2010"]
[Source "ChessBase"]
[SourceDate "2010.11.25"]
[SourceVersion "1"]
[SourceVersionDate "2010.11.25"]
[SourceQuality "1"]

1. d4 Nf6 2. Nf3 e6 3. c4 c5 4. Nc3 cxd4 5. Nxd4 Nc6 6. Ndb5 Bb4 7. a3 Bxc3+ 8. Nxc3 d5 9. Bg5 h6 10. Bxf6 Qxf6 11. cxd5 exd5 12. Qxd5 0-0 13. e3 Bg4 14. Qe4 Bh5 15. Bb5 Rfe8 16. Qa4 Qg6 17. 0-0 Bf3 18. g3 Qh5 19. Rfe1 Ne5 20. h4 Red8 21. Rad1 Bxd1 22. Rxd1 Rxd1+ 23. Nxd1 Rd8 24. Nc3 Rd2 25. Be2 Qf5 26. Qxa7 Rxb2 27. e4 Qf6 28. Qe3 Qd6 29. Nd5 Ra2 30. Nb4 Ra1+ 31. Kg2 Nc6 32. Nc2 Rb1 33. h5 Rb2 34. Qc3 Qe5 35. Qc4 Qe6 36. Ne3 Ne5 37. Qxe6 fxe6 38. Kf1 Ra2 39. f4 Rxa3 40. Nc2 Rc3 41. Nd4 Nc6 42. Nxe6 Rxg3 43. Bc4 Rc3 44. Bd5 Kf7 45. Nd4+ Kf6 46. e5+ Nxe5 47. fxe5+ Kxe5 48. Ne2 Rc7 49. Bg8 Kf5 50. Bh7+ Kg5 51. Bg6 Rc6 52. Nd4 Rxg6 53. hxg6 Kxg6 54. Kf2 Kf6 55. Ke3 Ke5 56. Nf3+ Kd5 57. Nh4 g5 58. Nf5 h5 59. Ng3 h4 60. Ne4 h3 61. Nf2 h2 62. Kf3 b5 63. Kg2 b4 64. Nd3 b3 65. Kxh2 1/2-1/2

[Event "Ostrava Konik op-A"]
[Site "Ostrava"]
[Date "2007.??.??"]
[Round "9"]
[White "Likavsky, Tomas"]
[Black "Bylino, Oleg"]
[Result "1-0"]
[WhiteElo "2490"]
[BlackElo "2195"]
[PlyCount "50"]
[EventDate "2007.05.??"]
[EventType "swiss"]
[EventRounds "9"]
[EventCountry "CZE"]
[SourceTitle "EXT 2010"]
[Source "ChessBase"]
[SourceDate "2010.11.25"]
[SourceVersion "1"]
[SourceVersionDate "2010.11.25"]
[SourceQuality "1"]

1. d4 Nf6 2. c4 e6 3. Qc2 c5 4. Nf3 cxd4 5. Nxd4 e5 6. Nb5 a6 7. N5c3 Bc5 8. e3 b5 9. cxb5 Bb7 10. Be2 0-0 11. 0-0 d5 12. Rd1 Qe7 13. Na4 Bd6 14. Nb6 Ra7 15. Nc3 Qc7 16. bxa6 Nxa6 17. Nba4 d4 18. exd4 exd4 19. Rxd4 Bxh2+ 20. Kh1 Be5 21. Rh4 Qe7 22. Be3 Nb4 23. Qb1 Rxa4 24. Nxa4 Bg3 25. fxg3 Qxe3 1-0

[Event "Saratov Aratovsky Memorial 6th"]
[Site "Saratov"]
[Date "2006.12.05"]
[Round "9"]
[White "Popov, Dmitry"]
[Black "Bylino, Oleg"]
[Result "1/2-1/2"]
[WhiteElo "2100"]
[BlackElo "2245"]
[PlyCount "120"]
[EventDate "2006.11.27"]
[EventType "swiss"]
[EventRounds "9"]
[EventCountry "RUS"]
[SourceTitle "EXT 2008"]
[Source "ChessBase"]
[SourceDate "2007.11.25"]
[SourceVersion "1"]
[SourceVersionDate "2007.11.25"]
[SourceQuality "1"]

1. c4 Nf6 2. Nc3 e6 3. e4 d5 4. e5 Nfd7 5. cxd5 Nxe5 6. d4 Ng6 7. Bb5+ c6 8. dxc6 Nxc6 9. Nf3 Be7 10. 0-0 0-0 11. Be3 Nb4 12. Bc4 b6 13. a3 Nd5 14. Nxd5 exd5 15. Bd3 Bf6 16. Rc1 Be6 17. Ba6 Qd6 18. Qd2 Bg4 19. Ne1 Bc8 20. Be2 a6 21. Nd3 Bd7 22. Qb4 Be7 23. Qb3 a5 24. Bf3 Be6 25. g3 Rfc8 26. Bg2 Bd8 27. h4 h6 28. h5 Ne7 29. Ne5 Rxc1 30. Bxc1 Nf5 31. Bf4 Nxd4 32. Qd3 Nf5 33. Bh3 Bf6 34. Nxf7 Qd7 35. Ne5 Bxe5 36. Bxe5 Rd8 37. Rc1 Nd6 38. Bg2 Nc4 39. Bd4 Bf5 40. Qc3 b5 41. b3 Nxa3 42. Qxa5 Nc2 43. Bb6 Re8 44. Qd2 Rc8 45. Qxd5+ Qxd5 46. Bxd5+ Kf8 47. f3 Rc3 48. Ba5 Rd3 49. Bc6 Rxb3 50. g4 Bd3 51. Bd5 Ra3 52. Bb6 b4 53. Kf2 Ke7 54. Bc5+ Kf6 55. Rxc2 Bxc2 56. Bxb4 Ra7 57. Bc3+ Ke7 58. Kg3 Kd6 59. Bg8 Ra8 60. Bf7 Ra7 1/2-1/2